000 00568nam a22001337a 4500
040 _cRUA
082 _aAVM YIN 2009 B087 Or.1
100 _aYIN, SARATH.
245 _aStudy on porcine trichinellosis at the slauterhouses in kompot province, ការសិក្សាជំងឺទ្រីគីនលើជ្រូកនៅទីសត្ដឃាដ ខេត្តកំពត
260 _aPhnom Penh
_bRUA
_c2009
300 _aix; 35p.
_bill.
_c29cm.
856 _uhttps://drive.google.com/file/d/1oYgr4dLeYTw37JQFJlSO4hwWFUkQziTU/view?usp=sharing
942 _cAVM
999 _c2314
_d2314